Designing Analog Chips /
Na minha lista:
| Autor principal: | |
|---|---|
| Formato: | Livro |
| Idioma: | inglês |
| Publicado em: |
Middletown :
Booksurge Publishing,
2005
|
| Edição: | 1. vydanie |
| Tags: |
Sem tags, seja o primeiro a adicionar uma tag!
|
MARC
| LEADER | 00000nam a22000003a 4500 | ||
|---|---|---|---|
| 001 | 0020864 | ||
| 003 | SK-STU | ||
| 005 | 20170112124318.0 | ||
| 007 | ta | ||
| 008 | 170112s ----xo-----e------000-0-----d | ||
| 020 | |a 1-41960314-0 | ||
| 040 | |a STU |b slo | ||
| 041 | 0 | |a eng | |
| 044 | |a xxu | ||
| 080 | |a 621.38 | ||
| 100 | 1 | |a Camenzind, Hans |4 aut |r Z6 | |
| 245 | 1 | 0 | |a Designing Analog Chips / |c aut. Hans Camenzind |
| 250 | |a 1. vydanie | ||
| 260 | |a Middletown : |b Booksurge Publishing, |c 2005 | ||
| 996 | |b 284EK89799 |c E* 89799 |l EE33 |s P |a 0 |w 0020864_0001 | ||